| 000 | 00400cam a2200145ua 4500 | ||
|---|---|---|---|
| 041 |
_aeng _h |
||
| 082 |
_a822 _bOSB/MA |
||
| 100 | _aOsborne, Harold . | ||
| 245 |
_aMarlow: The practical history of doctor Faustus / _cHarold Osborne. _hTextual Documents |
||
| 260 |
_aNew York : _bUniversities Tutorials Press Ltd. , _c1986. |
||
| 300 | _a95 ; . | ||
| 504 | _a | ||
| 942 | _cBK | ||
| 999 |
_c5877 _d5877 |
||